000 00222nam a2200097Ia 4500
008 220204s9999 xx 000 0 und d
082 _a82-3
_bCHA
100 _aCharteris, Leslie
245 0 _aSend for the saint
942 _cBK
999 _c28005
_d28005